| 000 | 00884nam a22002177a 4500 | ||
|---|---|---|---|
| 999 |
_c8007 _d8007 |
||
| 001 | 21439 | ||
| 003 | BD-DhUAP | ||
| 005 | 20220109170107.0 | ||
| 008 | 220109b2020 bg o|||| |||| 001 0 ben d | ||
| 020 | _a978984944733 | ||
| 040 |
_aBD-DhUAP _bben _cBD-DhUAP _dBD-DhUAP _eBD-DhUAP |
||
| 082 |
_223 _a954.92 HOS |
||
| 100 | _aহোসেন,মোশারফ । | ||
| 245 |
_aসাংবাদিকদের মুখোমুখি বঙ্গবন্ধু শেখ মুজিবুর রহমান / _bমোশারফ হোসেন |
||
| 260 |
_aঢাকা : _bসুবর্ণ, _c২০২০। |
||
| 300 |
_a৪০০ পৃ. : _bচিত্র ; _c২৪ সেমি |
||
| 651 |
_aবাংলাদেশ _xইতিহাস। |
||
| 651 |
_aBangladesh _xHistory. |
||
| 700 |
_aহোসেন, মোশারফ _eসম্পাদক |
||
| 942 |
_2ddc _cBK |
||